000 00255nam a22000977a 4500
008 170125b xxu||||| |||| 00| 0 eng d
041 _aeng
080 _a61
245 _a13TH ANNUAL HILTON AND SYMPOSIUM IN INTERNAL MEDICINE
_cJEFFERSON, J.W
942 _2udc
_cBK
999 _c3652
_d3652